Design coding in practice (Record no. 105344)

MARC details
000 -LEADER
fixed length control field 01356cam a2200193 4500
001 - CONTROL NUMBER
control field ##L133171
008 - FIXED-LENGTH DATA ELEMENTS--GENERAL INFORMATION
fixed length control field 060419n2006 000 0 eng u
035 ## - SYSTEM CONTROL NUMBER
System control number (Sirsi) u133171
041 0# - LANGUAGE CODE
Language code of text/sound track or separate title eng
110 1# - MAIN ENTRY--CORPORATE NAME
Corporate name or jurisdiction name as entry element United Kingdom
Subordinate unit Office of the Deputy Prime Minister
245 00 - TITLE STATEMENT
Title Design coding in practice
Remainder of title an evaluation
260 ## - PUBLICATION, DISTRIBUTION, ETC.
Date of publication, distribution, etc. 2006
490 #0 - SERIES STATEMENT
Series statement (ODPM Urban Research Summary
Volume/sequential designation 22, 30 March 2006)
520 ## - SUMMARY, ETC.
Summary, etc. The ODPM has released the findings of an action research programme testing the practical use of design codes in England through a series of live case studies. The research concludes that as a robust form of design guidance, design codes can play a major role in delivering better quality development. They also have a significant role to play in delivering more certainty in the design and development process, providing a focus around which teams of professional stakeholders can integrate their activities. Codes have the greatest benefit on large sites built over a long period of time, sites in multiple ownership, or sites that are likely to be developed by different developers or design teams.
590 ## - LOCAL NOTE (RLIN)
Local note IKA250406
690 ## - LOCAL SUBJECT ADDED ENTRY--TOPICAL TERM (OCLC, RLIN)
Topical term or geographic name as entry element PROPERTY-PROPERTY DEVELOPMENT-SUSTAINABLE PROPERTY DEVELOPMENT
856 41 - ELECTRONIC LOCATION AND ACCESS
Uniform Resource Identifier <a href="https://www.communities.gov.uk/index.asp?id=1164868">https://www.communities.gov.uk/index.asp?id=1164868</a>
Public note View the item free of charge at www.dclg.gov.uk/...
942 ## - ADDED ENTRY ELEMENTS (KOHA)
Suppress in OPAC 0
Holdings
Withdrawn status Lost status Source of classification or shelving scheme Damaged status Not for loan Home library Current library Shelving location Date acquired Total Checkouts Full call number Barcode Date last seen Copy number Price effective from Koha item type
    Dewey Decimal Classification     Virtual Virtual Online 19/04/2006   ONLINE PUBLICATION 133171-1001 06/08/2019 1 06/08/2019 Book